Kuuluisat Etunimet - Statistics

Yleistilastot
  • Tätä visaa on pelattu 471 kertaa
  • Keskiarvotulos 16 / 20
Vastaustilastot
Etunimi Kuuluisat sukunimet % Oikein
Jari Sillanpää, Sarasvuo, Kurri
96%
Paula Vesala, Koivuniemi, Abdul
95%
Jean Genet, Sibelius, Harlow
94%
Minna Canth, Parikka, Kuukka
94%
Vladimir Lenin, Putin, Nabokov
93%
Mikko Koivu, Kuustonen, Alatalo
92%
Maria Ylipää, Veitola, Wiik
89%
Paavo Lipponen, Väyrynen, Ruotsalainen
89%
Ville Valo, Virtanen, Niinistö
88%
Kalle Palander, Päätalo, Holmberg
87%
Laura Huhtasaari, Voutilainen, Dern
86%
Albert Järvinen, Edelfelt, Einstein
85%
Kaija Saariaho, Koo, Juurikkala
84%
Sari Essayah, Sarkomaa, Havas
82%
Esko Aho, Eerikäinen, Salminen
80%
Pamela Tola, Anderson, Adlon
79%
Linda Hamilton, Lampenius, Liukas
72%
Heidi Hautala, Klum, Kyrö
63%
Eeva Ahtisaari, Kilpi, Joenpelto
51%
Hermann Hesse, Göring, Müller
45%
Ehtoja vastaavia visoja ei löytynyt
Tulosjakauma
Jokaisen tuloksen saaneiden osuus
Persentiili vastausten määrän mukaan
Tuloshistoriasi
Et ole pelannut tätä visaa